| 000 | 00619nam a2200241Ia 4500 | ||
|---|---|---|---|
| 003 | OSt | ||
| 005 | 20220924123341.0 | ||
| 006 | a|||||r|||| 00| 0 | ||
| 007 | ta | ||
| 008 | 220923b |||||||| |||| 00| 0 fre d | ||
| 024 | _a144608 | ||
| 037 | _cTextual | ||
| 040 |
_aARTS _cARTS _bfre |
||
| 041 |
_2fre _afre |
||
| 082 | _aY176, 122J1(906) | ||
| 100 |
_aHolas B _9192507 |
||
| 245 | 0 | _aL'homme noir d'Afrique | |
| 260 |
_aNA _bNA _c1951 |
||
| 490 | _aInitiations Africaines; 8 | ||
| 650 | _aSOCIOLOGY | ||
| 942 |
_hY176, 122J1(906) _cTEXL _2CC |
||
| 999 |
_c415378 _d415378 |
||